| 000 | 00496nam a2200193Ia 4500 | ||
|---|---|---|---|
| 003 | OSt | ||
| 005 | 20240809164807.0 | ||
| 008 | 210210b1969 xxu||||| |||| 00| 0 eng d | ||
| 040 | _cAL | ||
| 041 | _akan | ||
| 082 | _aK894.3 MURS | ||
| 100 |
_aMURTI (M N): _dಮೂರ್ತಿ (ಮ ನ) _9176273 |
||
| 245 |
_aSanjivini: _bಸಂಜೀವಿನಿ |
||
| 260 |
_aBengaluru _bSahitya Mandira _c1969 |
||
| 300 | _a184 | ||
| 690 |
_aKannada Fiction _9176274 |
||
| 906 | _a026938 | ||
| 942 |
_2ddc _cBK |
||
| 999 |
_c78242 _d78242 |
||